Quiz sur Taïwan - Statistiques

Statistiques générales
  • Ce quiz a été pris 8 271 fois
  • Le résultat moyen est 10 sur 20
Statistiques - réponses
Question Réponse % Correct
Nom officiel de Taïwan République de {Chine}
95%
Capitale Taipei
94%
Pays qui a occupé Taïwan de 1895 à 1945 Japon
86%
Organisation internationale qui a expulsé Taïwan en 1971 ONU
77%
Religions les plus pratiquées (30% de la population chacune) Bouddhisme
73%
Pays situé à 1 200 kilomètres au sud de Taïwan Philippines
67%
Premier pays à avoir colonisé le nord de Taïwan, en 1626 Espagne
57%
Premier pays à avoir colonisé le sud de Taïwan, en 1624 Pays-Bas
54%
Objet dépeint par le drapeau taïwanais Soleil
54%
Surnom donné collectivement à Taïwan, Hong Kong, Singapour et la Corée du Sud pour désigner les pays d'Asie à forte croissance industrielle 4 {Dragons} Asiatiques
53%
Devise monétaire Dollar
51%
Sport le plus populaire Baseball
43%
Point culminant {Yu} Shan
40%
Religions les plus pratiquées (30% de la population chacune) Taoïsme
32%
« Généralissime » qui a fui le continent à la prise de pouvoir de Mao et a établi l'état taïwanais Tchang Kai-chek
30%
Groupe ethnico-linguistique auquel appartiennent les indigènes taïwanais, au même titre que les malais, le thaïs, les malgaches ou les Maoris {Austro}nésiens
29%
Ancien nom de Taïwan, durant la période coloniale Formose
29%
Type de thé froid originaire de Taïwan qui contient généralement des boules noires de tapioca Thé aux {perles}
29%
Bâtiment taïwanais qui était le plus haut du monde jusqu'en 2010 Taipei 101
24%
Premier fabricant mondial de matériel informatique, souvent critiqué pour les conditions de travail de ses ouvriers dans diverses usines situées en Chine {Fox}conn
15%
Aucun quiz correspondant
Distribution des résultats
% des personnes avec chaque résultat
Percentile par nombre de réponses
Votre historique - résultats
Vous n’avez pas pris ce quiz